MDQL
is popping MORE tags! Check the
thread
!
Quizzes
Events
Quiz Creation
Community
Videos
Private Events
Remove Ads
Sign In
Join for FREE
Feedback
Dark Mode
Quiz Categories
Sports
Geography
Music
Movies
Television
Just For Fun
Miscellaneous
History
Literature
Language
Science
Gaming
Entertainment
Religion
Holiday
For Kids
Quiz Lab
Recent
Popular Today
Quiz Kudos Today
Editor Picks
Curator Picks
Quizzes by...
Day
Popularity
Type
Ratings
Length
Year
Community
Subscriptions
Recent Discussions
Orange Saloon
Badges
Playlists
Quests
Create
Leaderboards
Showdown
Live 5
Trivia Bingo
Activity
Puzzle Library
Sporcle Events
Private Events
Virtual Trivia
Globe League
Become a Host
Pub Owners
SporcleCon
Opinionation
Our Games
Videos
Blog
Mobile Apps
Partnerships
Remove Ads and Go Orange
Feedback
Music
Pop Music
The Beatles
Song
Album
Lyrics
Bands
Singers
Artist
Clip
Rock
Rap
Classical
Billboard
Country Music
Kpop
Taylor Swift
Music
Pop Music
The Beatles
Song
Album
Lyrics
Bands
Singers
Artist
Clip
Rock
Rap
Classical
Billboard
Country Music
Kpop
Taylor Swift
Random Quiz
Search Sporcle
×
Quiz Lab
Quiz Lab
Music
Kpop
Type in answers that appear in a list
Type in answers that appear in a list
Classic
Best Score? Go Orange.
♥♥♥Guess Kpop Songs 2013 Part 1 (AUDIO)♥♥♥ Stats
Can you name the ♥♥♥Guess Kpop Songs 2013 Part 1 (AUDIO)♥♥♥?
By
blahbla
16m
70 Questions
3,373 Plays
3,373 Plays
3,373 Plays
Comments
Comments
Give Quiz Kudos
Give Quiz Kudos
-
- Ratings
hide this ad
Replay
Link that replays current quiz
Next Quiz
Link to next quiz in quiz playlist
You Got
0%
They Got
Avg Score
46%
Avg Friend Score
Upgrade to see
Score Distribution
Jump to the score distribution portion of the page
Score
0/70
Timer
16:00
0
Plays Today
Nr.
Song Title
% Correct
22
Growl
88.2%
49
Wolf
85.3%
19
I Got A Boy
84.4%
3
Rum Pum Pum Pum
80.3%
9
One Shot
80.1%
11
Dream Girl
79%
17
Trap
78.5%
14
The Baddest Female
77.4%
8
Give It To Me
77.1%
58
Gentleman
76.2%
20
What's Your Name
75.2%
21
Miss Right
74.5%
7
Destiny
73.3%
30
Why So Serious?
72.2%
43
Falling In Love
71.3%
29
No No No
71.1%
34
Shadow
68.9%
35
Man In Love
67.5%
6
Break Down
66.3%
41
All Day Think Of You
62.9%
27
No More Dream
61.9%
46
What's Going On?
60.4%
12
Hyde
60.3%
60
Hurricane
60.3%
23
Gone Not Around Any Longer
58.6%
16
U & I
58.5%
37
First Love
57.8%
48
Smoky Girl
57.5%
36
Expectation
56.7%
13
Heart Attack
56.4%
25
Bad Girls
52.7%
15
Yoohoo
52.1%
45
Black Pearl
51.9%
24
Hello
51.6%
61
Kill Bill
50.4%
Nr.
Song Title
% Correct
32
This Love
49%
28
It's Over
43.5%
52
Wild
42.1%
38
Countryside Life
41.3%
1
Beautiful
40.8%
4
24
40.2%
55
Is It Poppin'
39.6%
31
Special Girl
39.5%
33
We Are Bulletproof Pt.2
39.4%
64
2nd Confession
38.9%
57
G.R.8.U
38.6%
59
Moya
31.8%
70
Unbreakable
30.4%
65
I'm Sorry
29.1%
5
Disturbance
28.8%
54
I Wanna Love
27.9%
44
Punch
27.2%
68
Incredible
25.4%
53
Shaking Heart
25.3%
40
Dynamite
23.2%
69
Breaking News
22.5%
18
Sexy Beat
21%
39
Black Tinkerbell
20.5%
56
Evil
20.3%
50
Mom
19.9%
51
Should Have Treated You Better
19.6%
62
Inception
17.3%
47
Sleepless Night
15.2%
42
Safety Zone
15%
26
Whatever
13%
66
Ending Page
12.7%
10
Ma Boy 3
7.7%
2
8 Hot Girl
5.5%
63
Burning Up!
4.6%
67
Love U Down
4.6%
Quiz Playlist
Details
Report
Send in Message
Add To Playlist
Classic:
Type in answers that appear in a list
Quiz Source
Last Updated: Feb 22, 2018
Quiz Scoreboard
CHALLENGE
Sign Up to Join the Scoreboard
Show All
Scores
Hide
Comments
May contain spoilers
Recently Published
Image Sorting: Flags VI
by Barbecue
Geography
2m
Find the 'City' Movie
by crazypaving
Movies
60s
Colored Red Africa Blitz
by spor1
Geography
45s
More to Explore
Quiz From the Vault
Featured Blog Post
14 Easter Pick-up Lines to Find Eggs With
hide this ad
You Might Also Like...
Tags
Kpop Quiz
2013
Audio Quiz
Guessing Game
Korean
Kpop Quiz
Music Clip
Today's Top Quizzes in Music
Browse Music
hide this ad
Today's Top Quizzes in Kpop
Browse Kpop
Top Contributed Quizzes in Music
1
5X2 Blitz: Bands II
2
5X2 Blitz: The Beatles
3
Taylor Swift All Songs (2024)
4
5X2 Blitz: Billboard
5
5X2 Blitz: Billboard II
6
5X2 Blitz: Album
7
Taylor Swift Logic Puzzle II
8
5X2 Blitz: Singers
9
5X2 Blitz: Rock
10
5X2 Blitz: Lyrics
Explore More
Trending Topics
Kpop
Crossword
Disney
NBA
Marvel
Harry Potter
Anime
Pokémon
Puzzle
Song
WWE
The Office
Soccer
NFL
Country
hide this ad
More By:
blahbla
Quiz
Plays
Rating
Category
Featured
Created
♥♥♥Do You Know Kpop (2012)♥♥♥
4,512
2.83
Music
Apr 20, 2012
♥♥♥How Well Do You Know Kpop (2013 2014)♥♥♥
2,575
3.00
Music
Feb 2, 2014
♥♥♥Guess The English Lyrics (2012)♥♥♥
1,536
3.50
Music
Apr 20, 2012
♥♥♥Ultimate Kpop Name Quiz Part 1♥♥♥
1,372
4.00
Music
Jan 18, 2014
♥♥♥Guess Kpop Artist By PICTURE♥♥♥
1,367
3.17
Just For Fun
Feb 21, 2013
Go to Creator's Profile
Score Distribution
Quiz Creator Spotlight
blahbla
Follow
Send a Message
Quizzes Created
-
Created Quiz Play Count
-
More By This Creator
Popular Quizzes Today
1
Colored Red Africa Blitz
2
Find the US States - No Outlines Minefield
3
Find the 'City' Movie
4
5x2 Blitz: Bands
5
The Countries of the World
6
Find the US States
7
Find the Countries of Europe - No Outlines Minefield
8
US States
More Music Quizzes
Kpop Artists on Album Covers
Quiz Lab
Trending Quizzes
Colored Red Europe Blitz I
Colored Red Europe Blitz II
Colored Red Africa Blitz II
Colored Red Europe Blitz III
Colored Red Africa Blitz III
Recently Updated
How Do You Spell That?
pecheneg
Godzilla Movies
pecheneg
Grab Bag: 4-10 Letters
pecheneg
2024 March Madness Bracket
pecheneg
Famous TV Couples
Peacemaker
Champions League XIs: Real Madrid
pecheneg
Largest US Cities 1790-2010
pecheneg
Rides in Walt Disney World
pecheneg
Most Oscar Losses (Acting)
pecheneg
Beyoncé Albums
pecheneg
Trending Topics
NBA
Crossword
Marvel
Harry Potter
Kpop
Anime
Disney
Soccer
Pokémon
The Office
Puzzle
Country
Song
WWE
NFL
Your Account Isn't Verified!
In order to create a playlist on Sporcle, you need to verify the email address you used during registration. Go to your
Sporcle Settings
to finish the process.
Report this User
Report this user for behavior that violates our
Community Guidelines
.
Details:
Send Report
Go to the Sporcle.com Mobile Site →
Comments